| 000 | 01093nam a2200229 a 4500 | ||
|---|---|---|---|
| 001 | 77513 | ||
| 003 | BD-RjUL | ||
| 005 | 20211209082959.0 | ||
| 008 | 201013b2019 a|||| |||| 00| 0 ben d | ||
| 020 |
_a9789848035351 _c: Tk. 800.00 |
||
| 035 | _a(BD-RjUL)77738 | ||
| 040 |
_aBD-RjUL _bben/eng _cBD-RjUL |
||
| 041 | _aben/eng | ||
| 082 |
_223 _a954.92 _bBAN 2019 |
||
| 245 | 0 | 0 |
_aবাংলার ইতিহাস ও ঐতিহ্য : _b(সেমিনার ভলিউম) / _cসম্পাদক: মো. আনোয়ারুল ইসলাম |
| 260 |
_aপাবনা: _bআধুনিক ভাষা ইনস্টিটিউট, পাবনা বিজ্ঞান ও প্রযুক্তি বিশ্ববিদ্যালয়, _c২০১৯ |
||
| 300 |
_a৫১২ পৃ. : _bচিত্র ; _c২১ সেমি. |
||
| 650 |
_aবাংলাদেশ _xইতিহাস _9241821 |
||
| 650 |
_aBangladesh _xHistory _9241822 |
||
| 700 |
_aইসলাম, মো. আনোয়ারুল, সম্পাদক _9241825 |
||
| 942 |
_2ddc _cRAR |
||
| 999 |
_c77513 _d77513 |
||